000 00352nam a2200133Ia 4500
005 20260328101440.0
008 260328s9999||||xx |||||||||||||| ||und||
100 _aFarnés Scherer, Pedro
245 0 _aConstruir y adaptar las Iglesias /
_cPedro Farnés Scherer
260 _bRegina
300 _a272 p.
650 _aARQUITECTURA RELIGIOSA
942 _cBK
999 _c8216
_d8216